000 00400nam a22001577a 4500
003 OSt
008 250611b |||||||| |||| 00| 0 eng d
020 _a9789386956941
100 _aPARBHUPAADH,Krishankrpamurti
245 _aShrremadhbaghwatam Ekadash Skandh Part-2
250 _a11.2
260 _aMumbai
_bBhagativedant Book Trust
_c2021
300 _a621
650 _aGeneral
942 _2ddc
_cBK
999 _c13648
_d13648